000 00454nam a2200181Ia 4500
001 12792
005 20260306163007.0
008 260306t2001||||xx |||||||||||||| ||spa||
041 _aESP
082 _aRD 320.03
_bS42 T. 1
100 _aSerra Rojas, Andrés
_eAUT
245 0 _aDiccionario de ciencia política:
_bA - LL
260 _c2001
300 _axvii, 695 páginas :
_c28 cm.
650 _aGEN
654 _aCDE
942 _cDIC
_dJUS
_fJUS
_2ddc
_n
999 _c12792
_d12792